[Event "European Women's Championship"]
[Site "Vysoke Tatry"]
[Date "2018.04.12"]
[Round "5"]
[White "Velikic, Adela"]
[Black "Paehtz, Elisabeth"]
[Result "1/2-1/2"]
[Board "8"]
[WhiteElo "2241"]
[WhiteTitle "WIM"]
[WhiteCountry "SRB"]
[WhiteFideId "913553"]
[WhiteEloChange "6"]
[BlackElo "2468"]
[BlackTitle "IM"]
[BlackCountry "GER"]
[BlackFideId "4641833"]
[BlackEloChange "-3"]

1. d4 {[%clk 1:30:56]} d5 {[%clk 1:30:18]} 2. Bf4 {[%clk 1:31:18]} Nf6 {[%clk
1:30:04]} 3. e3 {[%clk 1:31:37]} c5 {[%clk 1:30:02]} 4. Nf3 {[%clk 1:31:16]} Qb6
{[%clk 1:29:21]} 5. Nc3 {[%clk 1:31:03]} Bd7 {[%clk 1:29:24]} 6. dxc5 {[%clk
1:28:18]} Qxc5 {[%clk 1:29:02]} 7. Qd4 {[%clk 1:14:36]} Qxd4 {[%clk 1:29:27]} 8.
exd4 {[%clk 1:11:45]} a6 {[%clk 1:29:42]} 9. Ne5 {[%clk 1:07:36]} e6 {[%clk
1:29:06]} 10. Be2 {[%clk 0:56:49]} Bb4 {[%clk 1:25:13]} 11. O-O {[%clk 0:52:54]}
Nc6 {[%clk 1:17:44]} 12. Nxc6 {[%clk 0:46:10]} Bxc6 {[%clk 1:18:10]} 13. Nd1
{[%clk 0:33:18]} O-O {[%clk 1:11:37]} 14. f3 {[%clk 0:28:56]} Nh5 {[%clk
1:07:30]} 15. Be3 {[%clk 0:28:41]} Rfe8 {[%clk 1:04:58]} 16. f4 {[%clk 0:21:52]}
Nf6 {[%clk 1:05:22]} 17. Nf2 {[%clk 0:21:41]} Bf8 {[%clk 1:04:39]} 18. a4 {[%clk
0:18:19]} Rec8 {[%clk 1:02:45]} 19. Bd3 {[%clk 0:14:22]} Bd7 {[%clk 1:01:01]} 20.
g4 {[%clk 0:12:25]} Ne8 {[%clk 1:00:33]} 21. g5 {[%clk 0:06:19]} b5 {[%clk
0:53:28]} 22. b3 {[%clk 0:02:28]} bxa4 {[%clk 0:52:22]} 23. bxa4 {[%clk 0:02:57]}
f5 {[%clk 0:42:56]} 24. gxf6 {[%clk 0:03:07]} Nxf6 {[%clk 0:43:14]} 25. Rfb1
{[%clk 0:02:04]} a5 {[%clk 0:42:43]} 26. h3 {[%clk 0:01:51]} h5 {[%clk 0:35:53]}
27. Bd2 {[%clk 0:02:11]} Bd6 {[%clk 0:36:19]} 28. Kg2 {[%clk 0:00:56]} Bc6 {[%clk
0:34:38]} 29. Kf3 {[%clk 0:01:03]} Ra7 {[%clk 0:33:18]} 30. Rb6 {[%clk 0:01:16]}
Nd7 {[%clk 0:29:14]} 31. Ra6 {[%clk 0:01:37]} Rxa6 {[%clk 0:29:26]} 32. Bxa6
{[%clk 0:02:06]} Rb8 {[%clk 0:25:31]} 33. Bd3 {[%clk 0:01:59]} Bb4 {[%clk
0:24:31]} 34. c3 {[%clk 0:01:09]} Bd6 {[%clk 0:24:58]} 35. Re1 {[%clk 0:01:21]}
Kf7 {[%clk 0:24:28]} 36. f5 {[%clk 0:01:00]} e5 {[%clk 0:24:26]} 37. Bb5 {[%clk
0:00:38]} Bxb5 {[%clk 0:20:36]} 38. axb5 {[%clk 0:01:03]} Rxb5 {[%clk 0:20:26]}
39. Ke2 {[%clk 0:00:34]} a4 {[%clk 0:11:26]} 40. Ra1 {[%clk 0:30:35]} a3 {[%clk
0:41:12]} 41. Nd3 {[%clk 0:23:24]} exd4 {[%clk 0:33:13]} 42. cxd4 {[%clk
0:23:46]} Rb3 {[%clk 0:33:39]} 43. Bc1 {[%clk 0:14:27]} Nb6 {[%clk 0:22:46]} 44.
Kd2 {[%clk 0:13:42]} Nc4+ {[%clk 0:19:29]} 45. Kc2 {[%clk 0:14:03]} Rb7 {[%clk
0:19:43]} 46. Bf4 {[%clk 0:09:01]} Be7 {[%clk 0:16:43]} 47. Bc1 {[%clk 0:08:48]}
Kf6 {[%clk 0:11:48]} 48. Nf4 {[%clk 0:08:20]} Kxf5 {[%clk 0:10:33]} 49. Nxd5
{[%clk 0:08:06]} Ke4 {[%clk 0:09:33]} 50. Nxe7 {[%clk 0:05:04]} Rxe7 {[%clk
0:09:59]} 51. Bxa3 {[%clk 0:05:26]} Nxa3+ {[%clk 0:08:19]} 52. Rxa3 {[%clk
0:05:51]} Kxd4 {[%clk 0:08:37]} 53. Kd2 {[%clk 0:04:13]} Re5 {[%clk 0:08:08]} 54.
Ra4+ {[%clk 0:02:02]} Kd5 {[%clk 0:08:34]} 55. h4 {[%clk 0:02:00]} Ke6 {[%clk
0:08:50]} 56. Rf4 {[%clk 0:01:53]} g6 {[%clk 0:08:37]} 57. Kd3 {[%clk 0:02:03]}
Ra5 {[%clk 0:06:16]} 58. Ke4 {[%clk 0:02:01]} Ra3 {[%clk 0:06:32]} 59. Kd4 {[%clk
0:01:58]} Rg3 {[%clk 0:05:18]} 60. Ke4 {[%clk 0:02:16]} Kd6 {[%clk 0:04:42]} 61.
Rf6+ {[%clk 0:01:58]} Kc5 {[%clk 0:05:07]} 62. Rf4 {[%clk 0:02:20]} Kc4 {[%clk
0:04:46]} 63. Rf6 {[%clk 0:01:47]} Kc3 {[%clk 0:04:27]} 64. Rd6 {[%clk 0:00:49]}
Rg4+ {[%clk 0:04:23]} 65. Ke3 {[%clk 0:00:48]} Kc4 {[%clk 0:04:48]} 66. Kf3
{[%clk 0:00:54]} Kc5 {[%clk 0:03:54]} 67. Rf6 {[%clk 0:01:13]} Kd5 {[%clk
0:03:19]} 68. Rf4 {[%clk 0:01:28]} Rg1 {[%clk 0:03:45]} 69. Ra4 {[%clk 0:01:04]}
Kc5 {[%clk 0:02:41]} 70. Ra5+ {[%clk 0:01:05]} Kb4 {[%clk 0:02:34]} 71. Ra6
{[%clk 0:01:16]} Kc3 {[%clk 0:01:58]} 72. Ra3+ {[%clk 0:01:19]} Kd4 {[%clk
0:02:08]} 73. Ra4+ {[%clk 0:01:27]} Kc5 {[%clk 0:02:28]} 74. Ra6 {[%clk 0:01:03]}
Kd5 {[%clk 0:02:47]} 75. Ra5+ {[%clk 0:01:25]} Ke6 {[%clk 0:03:09]} 76. Ra6+
{[%clk 0:01:37]} Kf5 {[%clk 0:03:34]} 77. Ra5+ {[%clk 0:02:03]} Kf6 {[%clk
0:04:01]} 78. Ra6+ {[%clk 0:02:28]} Kg7 {[%clk 0:04:28]} 79. Ra7+ {[%clk
0:02:51]} Kh6 {[%clk 0:04:54]} 80. Ra4 {[%clk 0:03:05]} Rc1 {[%clk 0:04:51]} 81.
Re4 {[%clk 0:02:38]} Rc3+ {[%clk 0:05:16]} 82. Re3 {[%clk 0:02:14]} Rc2 {[%clk
0:05:18]} 83. Re4 {[%clk 0:02:30]} Kg7 {[%clk 0:05:43]} 84. Rf4 {[%clk 0:01:57]}
Rc5 {[%clk 0:06:05]} 85. Ke4 {[%clk 0:02:08]} Rc3 {[%clk 0:06:26]} 86. Kd4 {[%clk
0:02:06]} Ra3 {[%clk 0:06:47]} 87. Ke4 {[%clk 0:02:28]} Rb3 {[%clk 0:07:02]} 88.
Kd4 {[%clk 0:02:46]} g5 {[%clk 0:07:25]} 89. hxg5 {[%clk 0:01:47]} Kg6 {[%clk
0:07:23]} 90. Rf8 {[%clk 0:01:26]} Kxg5 {[%clk 0:07:34]} 91. Ke4 {[%clk 0:01:09]}
Kg4 {[%clk 0:05:03]} 92. Rg8+ {[%clk 0:01:10]} Kh3 {[%clk 0:05:22]} 93. Rf8
{[%clk 0:00:48]} Rg3 {[%clk 0:03:02]} 94. Ra8 {[%clk 0:00:45]} h4 {[%clk
0:02:56]} 95. Kf4 {[%clk 0:00:53]} Rg2 {[%clk 0:02:55]} 96. Kf3 {[%clk 0:00:47]}
Kh2 {[%clk 0:03:08]} 97. Rh8 {[%clk 0:00:45]} h3 {[%clk 0:03:32]} 98. Rh7 {[%clk
0:00:49]} Rg8 {[%clk 0:03:45]} 99. Kf2 {[%clk 0:00:51]} Rf8+ {[%clk 0:04:10]}
100. Ke2 {[%clk 0:01:04]} Rf5 {[%clk 0:04:35]} 101. Rh8 {[%clk 0:01:07]} Rf4
{[%clk 0:04:50]} 102. Ke3 {[%clk 0:01:09]} Rf5 {[%clk 0:04:54]} 103. Ke2 {[%clk
0:01:30]} Kg2 {[%clk 0:04:53]} 104. Rg8+ {[%clk 0:01:48]} Kh1 {[%clk 0:05:16]}
105. Rh8 {[%clk 0:01:52]} h2 {[%clk 0:05:41]} 106. Rg8 {[%clk 0:02:05]} Rf4
{[%clk 0:06:08]} 107. Rg7 {[%clk 0:02:26]} Ra4 {[%clk 0:06:19]} 108. Kf2 {[%clk
0:02:32]} Ra2+ {[%clk 0:06:45]} 109. Kf1 {[%clk 0:02:33]} Ra1+ {[%clk 0:07:11]}
110. Kf2 {[%clk 0:02:58]} Rg1 {[%clk 0:07:36]} 111. Rh7 {[%clk 0:03:07]} Rg4
{[%clk 0:07:50]} 112. Rf7 {[%clk 0:03:26]} Rg6 {[%clk 0:08:04]} 113. Rf8 {[%clk
0:03:45]} Rg2+ {[%clk 0:08:27]} 114. Kf1 {[%clk 0:04:03]} Ra2 {[%clk 0:08:48]}
115. Rf7 {[%clk 0:03:49]} Ra1+ {[%clk 0:09:10]} 116. Kf2 {[%clk 0:04:15]} Rg1
{[%clk 0:09:35]} 117. Rf8 {[%clk 0:04:22]} Rg4 {[%clk 0:09:56]} 118. Rf7 {[%clk
0:04:41]} Rf4+ {[%clk 0:09:52]} 119. Rxf4 {[%clk 0:05:06]} 1/2-1/2

[Event "European Women's Championship"]
[Site "Vysoke Tatry"]
[Date "2018.04.12"]
[Round "5"]
[White "Cornette, Deimante"]
[Black "Danielian, Elina"]
[Result "0-1"]
[Board "9"]
[WhiteElo "2467"]
[WhiteTitle "IM"]
[WhiteCountry "LTU"]
[WhiteFideId "12802859"]
[WhiteEloChange "-6"]
[BlackElo "2410"]
[BlackTitle "GM"]
[BlackCountry "ARM"]
[BlackFideId "13300210"]
[BlackEloChange "6"]

1. e4 {[%clk 1:30:57]} d6 {[%clk 1:30:55]} 2. d4 {[%clk 1:31:20]} Nf6 {[%clk
1:31:14]} 3. Nc3 {[%clk 1:31:37]} g6 {[%clk 1:31:24]} 4. Bg5 {[%clk 1:30:45]} Bg7
{[%clk 1:31:21]} 5. Qd2 {[%clk 1:31:06]} h6 {[%clk 1:30:00]} 6. Bh4 {[%clk
1:31:22]} c6 {[%clk 1:20:56]} 7. O-O-O {[%clk 1:25:09]} b5 {[%clk 1:19:34]} 8. f3
{[%clk 1:13:42]} b4 {[%clk 1:11:02]} 9. Nb1 {[%clk 1:08:36]} a5 {[%clk 1:09:35]}
10. Bc4 {[%clk 1:06:48]} d5 {[%clk 0:56:45]} 11. exd5 {[%clk 1:01:45]} cxd5
{[%clk 0:57:09]} 12. Bd3 {[%clk 1:00:25]} Nc6 {[%clk 0:55:57]} 13. Ne2 {[%clk
1:00:24]} Qb6 {[%clk 0:54:45]} 14. Rhe1 {[%clk 0:56:09]} O-O {[%clk 0:49:03]} 15.
Qe3 {[%clk 0:49:53]} a4 {[%clk 0:37:18]} 16. Nd2 {[%clk 0:50:08]} b3 {[%clk
0:33:50]} 17. axb3 {[%clk 0:48:06]} Nb4 {[%clk 0:31:02]} 18. Nc3 {[%clk 0:46:37]}
Bd7 {[%clk 0:16:23]} 19. bxa4 {[%clk 0:39:18]} Bxa4 {[%clk 0:16:45]} 20. Ndb1
{[%clk 0:34:43]} Rfc8 {[%clk 0:13:46]} 21. Re2 {[%clk 0:25:29]} Bd7 {[%clk
0:09:38]} 22. Qxe7 {[%clk 0:15:08]} Qxd4 {[%clk 0:03:14]} 23. Bf2 {[%clk
0:06:55]} Qf4+ {[%clk 0:03:26]} 24. Be3 {[%clk 0:06:57]} Nxd3+ {[%clk 0:02:26]}
25. Rxd3 {[%clk 0:07:03]} Qxh2 {[%clk 0:02:48]} 26. Bd4 {[%clk 0:04:18]} Re8
{[%clk 0:02:12]} 27. Qb4 {[%clk 0:03:24]} Rxe2 {[%clk 0:02:15]} 28. Nxe2 {[%clk
0:03:50]} Bf5 {[%clk 0:01:48]} 29. Rd1 {[%clk 0:02:23]} Qxg2 {[%clk 0:01:57]} 30.
Qb7 {[%clk 0:01:37]} Re8 {[%clk 0:01:59]} 31. Nbc3 {[%clk 0:01:35]} Rxe2 {[%clk
0:01:03]} 32. Nxe2 {[%clk 0:01:54]} Qxe2 {[%clk 0:01:29]} 33. Rd2 {[%clk
0:00:46]} Qf1+ {[%clk 0:01:37]} 34. Rd1 {[%clk 0:01:13]} Qxf3 {[%clk 0:01:47]}
35. Qb8+ {[%clk 0:01:01]} Kh7 {[%clk 0:02:12]} 36. Qc7 {[%clk 0:01:26]} Be6
{[%clk 0:01:00]} 37. Re1 {[%clk 0:01:39]} h5 {[%clk 0:01:12]} 38. Kb1 {[%clk
0:01:49]} Ne4 {[%clk 0:01:20]} 39. Bxg7 {[%clk 0:01:51]} Kxg7 {[%clk 0:01:47]}
40. Qe5+ {[%clk 0:30:45]} Qf6 {[%clk 0:32:06]} 0-1

[Event "European Women's Championship"]
[Site "Vysoke Tatry"]
[Date "2018.04.12"]
[Round "5"]
[White "Kashlinskaya, Alina"]
[Black "Savina, Anastasia"]
[Result "1/2-1/2"]
[Board "10"]
[WhiteElo "2450"]
[WhiteTitle "IM"]
[WhiteCountry "RUS"]
[WhiteFideId "4198026"]
[WhiteEloChange "-1"]
[BlackElo "2358"]
[BlackTitle "IM"]
[BlackCountry "RUS"]
[BlackFideId "4196872"]
[BlackEloChange "3"]

1. d4 {[%clk 1:30:57]} d6 {[%clk 1:30:22]} 2. Nf3 {[%clk 1:31:03]} g6 {[%clk
1:30:34]} 3. c4 {[%clk 1:31:18]} Bg7 {[%clk 1:30:58]} 4. e4 {[%clk 1:31:40]} e5
{[%clk 1:29:08]} 5. dxe5 {[%clk 1:31:35]} dxe5 {[%clk 1:29:19]} 6. Qxd8+ {[%clk
1:31:54]} Kxd8 {[%clk 1:29:45]} 7. Nc3 {[%clk 1:31:39]} c6 {[%clk 1:27:52]} 8.
Be3 {[%clk 1:27:20]} f6 {[%clk 1:22:48]} 9. O-O-O+ {[%clk 1:23:11]} Nd7 {[%clk
1:21:16]} 10. Nd2 {[%clk 1:08:17]} Bh6 {[%clk 1:16:55]} 11. Bxh6 {[%clk 1:06:08]}
Nxh6 {[%clk 1:17:14]} 12. Be2 {[%clk 1:06:20]} Ke7 {[%clk 1:10:46]} 13. b4 {[%clk
1:03:17]} Nf8 {[%clk 1:05:12]} 14. Nb3 {[%clk 0:55:04]} Ng4 {[%clk 0:46:52]} 15.
Bxg4 {[%clk 0:47:21]} Bxg4 {[%clk 0:47:18]} 16. f3 {[%clk 0:47:13]} Bd7 {[%clk
0:39:02]} 17. c5 {[%clk 0:40:02]} Ne6 {[%clk 0:35:33]} 18. Rd6 {[%clk 0:39:02]}
Rad8 {[%clk 0:17:50]} 19. Rhd1 {[%clk 0:38:51]} Bc8 {[%clk 0:17:09]} 20. b5
{[%clk 0:35:18]} Nxc5 {[%clk 0:14:18]} 21. R6d2 {[%clk 0:28:53]} Nxb3+ {[%clk
0:08:24]} 22. axb3 {[%clk 0:29:17]} Be6 {[%clk 0:06:49]} 23. Ra2 {[%clk 0:26:29]}
Rxd1+ {[%clk 0:05:49]} 24. Nxd1 {[%clk 0:26:53]} Ra8 {[%clk 0:06:02]} 25. bxc6
{[%clk 0:25:49]} bxc6 {[%clk 0:06:29]} 26. Kc2 {[%clk 0:25:30]} Kd6 {[%clk
0:06:23]} 27. Kc3 {[%clk 0:21:10]} a5 {[%clk 0:03:51]} 28. Nb2 {[%clk 0:19:12]}
c5 {[%clk 0:03:36]} 29. Nd3 {[%clk 0:12:10]} Kc6 {[%clk 0:03:54]} 30. f4 {[%clk
0:12:24]} exf4 {[%clk 0:03:09]} 31. Nxf4 {[%clk 0:12:49]} Bf7 {[%clk 0:02:16]}
32. Nd3 {[%clk 0:11:17]} Kb5 {[%clk 0:01:59]} 33. Rf2 {[%clk 0:10:11]} Ra6 {[%clk
0:02:10]} 34. g4 {[%clk 0:08:36]} Be8 {[%clk 0:02:04]} 35. Nf4 {[%clk 0:08:07]}
Bf7 {[%clk 0:00:53]} 36. Rd2 {[%clk 0:08:31]} g5 {[%clk 0:00:45]} 37. Ne2 {[%clk
0:07:34]} a4 {[%clk 0:00:39]} 38. bxa4+ {[%clk 0:03:40]} Rxa4 {[%clk 0:01:07]}
39. Rd7 {[%clk 0:04:02]} Ra3+ {[%clk 0:00:38]} 40. Kd2 {[%clk 0:34:19]} Be6
{[%clk 0:30:34]} 41. Rxh7 {[%clk 0:31:16]} Bxg4 {[%clk 0:26:48]} 42. Nc3+ {[%clk
0:29:43]} Kc4 {[%clk 0:26:03]} 43. Nd5 {[%clk 0:28:46]} Ra2+ {[%clk 0:07:19]} 44.
Kc1 {[%clk 0:28:59]} f5 {[%clk 0:06:25]} 45. Kb1 {[%clk 0:23:36]} Re2 {[%clk
0:04:19]} 46. Nf6 {[%clk 0:23:56]} Bf3 {[%clk 0:04:01]} 47. exf5 {[%clk 0:23:49]}
Kb3 {[%clk 0:03:32]} 48. Kc1 {[%clk 0:23:42]} Rc2+ {[%clk 0:02:32]} 49. Kb1
{[%clk 0:24:11]} Rf2 {[%clk 0:01:07]} 50. Kc1 {[%clk 0:24:29]} c4 {[%clk
0:01:19]} 51. Rh8 {[%clk 0:22:35]} Rc2+ {[%clk 0:00:35]} 52. Kb1 {[%clk 0:23:04]}
Rb2+ {[%clk 0:01:00]} 53. Kc1 {[%clk 0:23:03]} Rc2+ {[%clk 0:01:19]} 54. Kb1
{[%clk 0:23:32]} Rd2 {[%clk 0:00:49]} 55. Rb8+ {[%clk 0:23:38]} Kc3 {[%clk
0:01:18]} 56. Re8 {[%clk 0:18:44]} Kb3 {[%clk 0:00:35]} 57. Rb8+ {[%clk 0:18:57]}
Kc3 {[%clk 0:01:04]} 58. Re8 {[%clk 0:19:22]} Kb3 {[%clk 0:00:34]} 59. Rb8+
{[%clk 0:17:50]} 1/2-1/2

[Event "European Women's Championship"]
[Site "Vysoke Tatry"]
[Date "2018.04.12"]
[Round "5"]
[White "Osmanodja, Filiz"]
[Black "Zawadzka, Jolanta"]
[Result "1-0"]
[Board "11"]
[WhiteElo "2300"]
[WhiteTitle "WIM"]
[WhiteCountry "GER"]
[WhiteFideId "24633569"]
[WhiteEloChange "14"]
[BlackElo "2442"]
[BlackTitle "WGM"]
[BlackCountry "POL"]
[BlackFideId "1122320"]
[BlackEloChange "-7"]

1. e4 {[%clk 1:30:58]} d5 {[%clk 1:30:55]} 2. exd5 {[%clk 1:30:30]} Qxd5 {[%clk
1:31:19]} 3. Nc3 {[%clk 1:30:56]} Qd6 {[%clk 1:31:44]} 4. d4 {[%clk 1:29:47]} Nf6
{[%clk 1:32:06]} 5. Nf3 {[%clk 1:19:33]} Bg4 {[%clk 1:32:27]} 6. h3 {[%clk
1:13:08]} Bh5 {[%clk 1:32:50]} 7. g4 {[%clk 1:07:53]} Bg6 {[%clk 1:33:14]} 8. Ne5
{[%clk 1:07:52]} Nbd7 {[%clk 1:33:36]} 9. Nxg6 {[%clk 0:47:17]} hxg6 {[%clk
1:34:00]} 10. Bg2 {[%clk 0:46:39]} c6 {[%clk 1:33:56]} 11. g5 {[%clk 0:38:10]}
Nd5 {[%clk 1:27:21]} 12. Nxd5 {[%clk 0:31:16]} cxd5 {[%clk 1:27:45]} 13. Qf3
{[%clk 0:30:56]} e6 {[%clk 1:23:04]} 14. Bf4 {[%clk 0:27:59]} Qa6 {[%clk
1:22:02]} 15. Qg3 {[%clk 0:23:06]} Rc8 {[%clk 1:15:32]} 16. c3 {[%clk 0:19:35]}
Rc6 {[%clk 1:04:27]} 17. a4 {[%clk 0:18:25]} Bd6 {[%clk 0:59:04]} 18. Bf1 {[%clk
0:12:55]} Qb6 {[%clk 0:58:25]} 19. Bb5 {[%clk 0:12:33]} Bxf4 {[%clk 0:57:40]} 20.
Qxf4 {[%clk 0:13:01]} Rd6 {[%clk 0:52:22]} 21. a5 {[%clk 0:12:26]} Qxb5 {[%clk
0:43:00]} 22. Qxd6 {[%clk 0:12:54]} Rh4 {[%clk 0:43:20]} 23. O-O-O {[%clk
0:12:01]} Qxa5 {[%clk 0:41:08]} 24. Kb1 {[%clk 0:09:38]} Re4 {[%clk 0:35:55]} 25.
Rhe1 {[%clk 0:08:24]} Qa4 {[%clk 0:34:38]} 26. Rc1 {[%clk 0:07:47]} Qc4 {[%clk
0:33:13]} 27. Qg3 {[%clk 0:07:33]} Re2 {[%clk 0:31:07]} 28. Rxe2 {[%clk 0:07:28]}
Qxe2 {[%clk 0:31:34]} 29. Qe3 {[%clk 0:05:02]} Qb5 {[%clk 0:31:22]} 30. Qg3
{[%clk 0:02:46]} Ke7 {[%clk 0:29:51]} 31. Re1 {[%clk 0:02:04]} Qc6 {[%clk
0:25:57]} 32. h4 {[%clk 0:02:14]} Nb6 {[%clk 0:25:17]} 33. h5 {[%clk 0:01:35]}
gxh5 {[%clk 0:24:05]} 34. g6 {[%clk 0:02:02]} f6 {[%clk 0:24:24]} 35. f4 {[%clk
0:02:12]} Nc4 {[%clk 0:22:45]} 36. Qh2 {[%clk 0:01:41]} Nd6 {[%clk 0:17:30]} 37.
Qxh5 {[%clk 0:02:02]} Qb5 {[%clk 0:17:53]} 38. Qh3 {[%clk 0:01:31]} Ne4 {[%clk
0:17:58]} 39. Qe3 {[%clk 0:00:50]} a5 {[%clk 0:16:30]} 40. Rc1 {[%clk 0:30:46]}
Qb3 {[%clk 0:43:19]} 41. Qe2 {[%clk 0:11:19]} a4 {[%clk 0:41:44]} 42. Qc2 {[%clk
0:10:59]} Qc4 {[%clk 0:42:03]} 43. Ka1 {[%clk 0:07:52]} Nd6 {[%clk 0:32:22]} 44.
Re1 {[%clk 0:04:57]} Ne4 {[%clk 0:32:04]} 45. Rh1 {[%clk 0:04:21]} Kd6 {[%clk
0:30:29]} 46. Rh7 {[%clk 0:03:02]} Qf1+ {[%clk 0:16:40]} 47. Ka2 {[%clk 0:03:31]}
Qc4+ {[%clk 0:16:51]} 48. Ka1 {[%clk 0:03:50]} Qf1+ {[%clk 0:16:37]} 49. Qb1
{[%clk 0:03:57]} Qe2 {[%clk 0:16:16]} 50. Rxg7 {[%clk 0:02:51]} Nd2 {[%clk
0:16:40]} 51. Qh1 {[%clk 0:01:47]} a3 {[%clk 0:13:54]} 52. Rxb7 {[%clk 0:02:10]}
axb2+ {[%clk 0:09:21]} 53. Rxb2 {[%clk 0:01:56]} Qa6+ {[%clk 0:09:13]} 54. Ra2
{[%clk 0:02:24]} Qd3 {[%clk 0:09:20]} 55. Ra3 {[%clk 0:01:49]} Qxg6 {[%clk
0:08:35]} 56. f5 {[%clk 0:02:09]} Qxf5 {[%clk 0:03:12]} 57. Qh2+ {[%clk 0:02:27]}
e5 {[%clk 0:03:38]} 58. Qxd2 {[%clk 0:01:56]} e4 {[%clk 0:04:04]} 59. Qh2+ {[%clk
0:01:32]} Kc6 {[%clk 0:04:28]} 60. Qe2 {[%clk 0:01:12]} Qf4 {[%clk 0:04:13]} 61.
Qa6+ {[%clk 0:00:55]} Kd7 {[%clk 0:04:27]} 62. Qb7+ {[%clk 0:01:08]} Ke6 {[%clk
0:04:45]} 63. Ra6+ {[%clk 0:00:55]} Kf5 {[%clk 0:05:10]} 64. Qxd5+ {[%clk
0:01:09]} Kg4 {[%clk 0:05:31]} 65. Qg8+ {[%clk 0:01:06]} Kf3 {[%clk 0:05:50]} 66.
Qg1 {[%clk 0:00:50]} Ke2 {[%clk 0:04:14]} 67. Ra2+ {[%clk 0:01:06]} Kd3 {[%clk
0:04:40]} 68. Qd1+ {[%clk 0:01:07]} Kc4 {[%clk 0:04:45]} 69. d5 {[%clk 0:01:10]}
Qe3 {[%clk 0:04:23]} 70. Ra4+ {[%clk 0:01:02]} Kc5 {[%clk 0:04:17]} 71. Qd4+
{[%clk 0:00:56]} Qxd4 {[%clk 0:04:43]} 72. Rxd4 {[%clk 0:01:23]} 1-0

[Event "European Women's Championship"]
[Site "Vysoke Tatry"]
[Date "2018.04.12"]
[Round "5"]
[White "Socko, Monika"]
[Black "Unuk, Laura"]
[Result "1-0"]
[Board "12"]
[WhiteElo "2471"]
[WhiteTitle "GM"]
[WhiteCountry "POL"]
[WhiteFideId "1106619"]
[WhiteEloChange "3"]
[BlackElo "2329"]
[BlackTitle "WIM"]
[BlackCountry "SLO"]
[BlackFideId "14609215"]
[BlackEloChange "-6"]

1. d4 {[%clk 1:30:54]} Nf6 {[%clk 1:30:43]} 2. c4 {[%clk 1:31:19]} e6 {[%clk
1:31:04]} 3. Nf3 {[%clk 1:31:44]} b6 {[%clk 1:31:19]} 4. a3 {[%clk 1:31:52]} Bb7
{[%clk 1:31:12]} 5. Nc3 {[%clk 1:32:16]} d5 {[%clk 1:31:31]} 6. Bf4 {[%clk
1:32:34]} Bd6 {[%clk 1:15:59]} 7. Bxd6 {[%clk 1:32:54]} Qxd6 {[%clk 1:12:42]} 8.
cxd5 {[%clk 1:33:17]} Nxd5 {[%clk 1:11:10]} 9. Nb5 {[%clk 1:32:13]} Qd8 {[%clk
1:09:40]} 10. e4 {[%clk 1:29:14]} Ne7 {[%clk 1:00:19]} 11. Rc1 {[%clk 1:26:37]}
c6 {[%clk 0:58:26]} 12. Nc3 {[%clk 1:26:15]} O-O {[%clk 0:58:51]} 13. Bd3 {[%clk
1:23:30]} c5 {[%clk 0:51:39]} 14. dxc5 {[%clk 1:21:15]} bxc5 {[%clk 0:51:23]} 15.
O-O {[%clk 1:21:38]} Nd7 {[%clk 0:50:38]} 16. Qe2 {[%clk 1:20:59]} Nc6 {[%clk
0:35:40]} 17. Qe3 {[%clk 1:08:22]} Nde5 {[%clk 0:31:24]} 18. Nxe5 {[%clk
1:07:14]} Nxe5 {[%clk 0:31:49]} 19. Rfd1 {[%clk 1:06:54]} Qd4 {[%clk 0:26:18]}
20. Qg3 {[%clk 1:00:05]} Nxd3 {[%clk 0:26:08]} 21. Rxd3 {[%clk 1:00:32]} Qc4
{[%clk 0:26:22]} 22. Rcd1 {[%clk 0:57:22]} a5 {[%clk 0:19:50]} 23. Qe5 {[%clk
0:51:29]} a4 {[%clk 0:14:25]} 24. Rg3 {[%clk 0:47:32]} g6 {[%clk 0:14:38]} 25. h4
{[%clk 0:46:46]} Ba6 {[%clk 0:01:59]} 26. Qf6 {[%clk 0:44:00]} e5 {[%clk
0:00:41]} 27. Nd5 {[%clk 0:42:54]} Rfe8 {[%clk 0:00:43]} 28. Re1 {[%clk 0:39:34]}
Re6 {[%clk 0:00:35]} 29. Ne7+ {[%clk 0:39:30]} Kf8 {[%clk 0:00:43]} 30. Nxg6+
{[%clk 0:38:55]} hxg6 {[%clk 0:01:00]} 31. Qh8+ {[%clk 0:39:22]} Ke7 {[%clk
0:01:27]} 32. Qxa8 {[%clk 0:39:49]} Qb5 {[%clk 0:00:37]} 33. Rd1 {[%clk 0:38:31]}
Rd6 {[%clk 0:00:35]} 34. Rxd6 {[%clk 0:38:34]} Kxd6 {[%clk 0:01:01]} 35. Qd5+
{[%clk 0:38:52]} Ke7 {[%clk 0:00:43]} 36. Qxe5+ {[%clk 0:39:16]} Kd7 {[%clk
0:00:53]} 37. Rf3 {[%clk 0:39:14]} 1-0

[Event "European Women's Championship"]
[Site "Vysoke Tatry"]
[Date "2018.04.12"]
[Round "5"]
[White "Cosma, Elena-Luminita"]
[Black "Girya, Olga"]
[Result "0-1"]
[Board "13"]
[WhiteElo "2340"]
[WhiteTitle "WGM"]
[WhiteCountry "ROU"]
[WhiteFideId "1201590"]
[WhiteEloChange "-6"]
[BlackElo "2470"]
[BlackTitle "WGM"]
[BlackCountry "RUS"]
[BlackFideId "4195752"]
[BlackEloChange "3"]

1. d4 {[%clk 1:30:58]} Nf6 {[%clk 1:30:56]} 2. Nf3 {[%clk 1:31:21]} d5 {[%clk
1:31:21]} 3. g3 {[%clk 1:31:43]} Bf5 {[%clk 1:31:39]} 4. Bg2 {[%clk 1:32:02]} h6
{[%clk 1:31:16]} 5. c4 {[%clk 1:30:28]} e6 {[%clk 1:30:40]} 6. Nc3 {[%clk
1:29:52]} c6 {[%clk 1:30:56]} 7. O-O {[%clk 1:27:13]} Be7 {[%clk 1:30:58]} 8. Qb3
{[%clk 1:17:39]} Qb6 {[%clk 1:31:22]} 9. c5 {[%clk 1:17:35]} Qa6 {[%clk 1:27:31]}
10. Bf4 {[%clk 1:16:43]} b6 {[%clk 1:25:20]} 11. Bxb8 {[%clk 0:52:54]} Rxb8
{[%clk 1:25:42]} 12. Ne5 {[%clk 0:53:18]} Qb7 {[%clk 1:21:34]} 13. cxb6 {[%clk
0:39:06]} axb6 {[%clk 1:22:00]} 14. Rfc1 {[%clk 0:35:53]} O-O {[%clk 1:19:25]}
15. e3 {[%clk 0:36:18]} Rfc8 {[%clk 1:16:35]} 16. h3 {[%clk 0:33:17]} Bd6 {[%clk
1:10:11]} 17. f4 {[%clk 0:31:29]} c5 {[%clk 0:56:51]} 18. Nb5 {[%clk 0:30:58]}
Bf8 {[%clk 0:56:37]} 19. a4 {[%clk 0:29:59]} Ne4 {[%clk 0:51:03]} 20. Kh2 {[%clk
0:26:46]} f6 {[%clk 0:45:16]} 21. Nf3 {[%clk 0:27:05]} c4 {[%clk 0:40:30]} 22.
Qd1 {[%clk 0:25:14]} Bb4 {[%clk 0:39:49]} 23. Qe2 {[%clk 0:22:02]} Ra8 {[%clk
0:39:29]} 24. Ne1 {[%clk 0:09:16]} Qd7 {[%clk 0:35:54]} 25. Nc2 {[%clk 0:08:23]}
Bf8 {[%clk 0:35:27]} 26. Ra2 {[%clk 0:03:48]} Ra5 {[%clk 0:30:37]} 27. Bxe4
{[%clk 0:03:42]} Bxe4 {[%clk 0:30:57]} 28. Nc3 {[%clk 0:04:07]} Bd3 {[%clk
0:29:58]} 29. Qg2 {[%clk 0:04:27]} Rca8 {[%clk 0:29:11]} 30. Na3 {[%clk 0:04:03]}
Bb4 {[%clk 0:18:41]} 31. Nab5 {[%clk 0:04:28]} Bxc3 {[%clk 0:18:57]} 32. Nxc3
{[%clk 0:04:54]} b5 {[%clk 0:19:22]} 33. Rca1 {[%clk 0:04:29]} b4 {[%clk
0:19:06]} 34. Nb5 {[%clk 0:04:43]} c3 {[%clk 0:18:03]} 35. bxc3 {[%clk 0:02:29]}
b3 {[%clk 0:18:26]} 0-1